| 000 | 00826ngm a22003010a 4500 | ||
|---|---|---|---|
| 001 | PT25287 | ||
| 003 | AR-LpoUNG | ||
| 005 | 20210202000351.0 | ||
| 007 | vd cvaizq | ||
| 008 | 191001s2002||||ag |||||||||||||||||spa d | ||
| 040 |
_aAR-LpoUNG _bspa _cAR-LpoUNG _eaacr |
||
| 041 | _aspa | ||
| 044 | _aag | ||
| 082 | 0 | _a306.8 96apa | |
| 100 | 1 |
_aJusid, Juan José _edir. |
|
| 245 | 1 | 0 | _aApasionados |
| 260 |
_aBuenos Aires : _bAVH, _c2002. |
||
| 300 | _aDVD (96 min.) : son., col. | ||
| 505 | 0 | _aSubtítulos en inglés | |
| 520 | _a<p>Un triángulo amoroso en que la mejor amiga de la protagonista le pide prestado el novio para tener un bebé.</p> | ||
| 650 | 4 | _aARGENTINA | |
| 651 | 4 | _aArgentina | |
| 653 | _aCINE ARGENTINO | ||
| 653 | _aDVD | ||
| 653 | _aVIDEOS | ||
| 905 | _a25287 | ||
| 942 | _cDVD | ||
| 999 |
_c54725 _d54725 |
||